Normal view
MARC view
Entry Personal Name
001 - CONTROL NUMBER
- control field: 77294
003 - CONTROL NUMBER IDENTIFIER
- control field: dpl
005 - DATE AND TIME OF LATEST TRANSACTION
- control field: 20250131114954.0
008 - FIXED-LENGTH DATA ELEMENTS
- fixed length control field: 250131|| aca||aabn | a|a d
040 ## - CATALOGING SOURCE
- Original cataloging agency: dpl
- Transcribing agency: dpl
100 ## - HEADING--PERSONAL NAME
- Personal name: Sulagna chattopadhyay
670 ## - SOURCE DATA FOUND
- Source citation: Work cat.: (dpl)208896: Sulagna chattopadhyay , Climate Change in India/, 2014
